Statistics for The Loki Quiz

Click here to take the quiz!

General Stats

  • This quiz has been taken 1,920 times
  • The average score is 8 of 13

Answer Stats

HintAnswer% Correct
He's appeared in these filmsThor and The Avengers
98%
His adoptive fatherOdin Allfather
97%
His stepbrother is...Thor
96%
The actor who plays himTom Hiddleston
89%
All his life he lived inAsgard
79%
Loki is the god of...Mischief
78%
His biological fatherLaufey
75%
Loki's surnameLaufeyson
54%
He is a...Frost Giant
50%
We all think Loki is...Hot
40%
His laughEheheheheh
33%
Loki will return in...Thor 2
22%
Loki is often said to look like a _____ when he's in his armourReindeer
21%

Score Distribution

Percentile by Number Answered

Percent of People with Each Score

Your Score History

You have not taken this quiz